[Event "EU-ch Blitz"]
[Site "Katowice"]
[Date "2022.12.16"]
[Round "2"]
[White "Poplawski, Maciej"]
[Black "Deac, Bogdan Daniel"]
[Result "0-1"]
[WhiteElo "1900"]
[BlackElo "2700"]
[PlyCount "57"]
[EventDate "2022.12.16"]
[EventType "swiss (blitz)"]
[EventRounds "22"]
[EventCountry "POL"]
[SourceTitle "CBM 211 Extra"]
[Source "ChessBase"]
[SourceDate "2023.01.31"]
[SourceVersion "1"]
[SourceVersionDate "2023.01.31"]
[SourceQuality "1"]

1. d4 g6 2. e4 Bg7 3. Nc3 c6 4. Be3 d5 5. f3 Qb6 6. Rb1 dxe4 7. fxe4 e5 8. Nge2 Nf6 9. Qd2 Ng4 10. Bg1 exd4 11. Nxd4 Qd8 12. Nf3 0-0 13. h3 Ne5 14. Qxd8 Rxd8 15. Be3 Be6 16. Nd4 Bc4 17. Kf2 Bxf1 18. Rhxf1 Nc4 19. Rfd1 Nxe3 20. Kxe3 Nd7 21. Nf3 Nb6 22. Ne2 Nc4+ 23. Kf2 Nxb2 24. Rxd8+ Rxd8 25. e5 Nd1+ 26. Ke1 Ne3 27. Rxb7 Nxc2+ 28. Kf2 a5 29. Nf4 0-1

[Event "POL-chT Academic"]
[Site "Chorzow"]
[Date "2022.04.02"]
[Round "3.21"]
[White "Poplawski, Maciej"]
[Black "Kanicki, Krzysztof"]
[Result "1/2-1/2"]
[WhiteElo "1729"]
[BlackElo "1999"]
[PlyCount "93"]
[EventDate "2022.04.02"]
[EventType "team-swiss (rapid)"]
[EventRounds "9"]
[EventCountry "POL"]
[SourceTitle "EXT 2024"]
[Source "ChessBase"]
[SourceDate "2023.10.10"]
[SourceVersion "1"]
[SourceVersionDate "2023.10.10"]
[SourceQuality "1"]

1. d4 Nf6 2. Nc3 d5 3. Bg5 Nbd7 4. Qd3 c5 5. dxc5 e6 6. e4 Nxc5 7. Qe3 d4 8. Bb5+ Bd7 9. Qxd4 Bxb5 10. Bxf6 gxf6 11. Nxb5 Qxd4 12. Nxd4 Nxe4 13. f3 Bb4+ 14. Ke2 Nd6 15. c3 Bc5 16. Nb3 Bb6 17. Rd1 Ke7 18. Nh3 Nc4 19. Rb1 Rhd8 20. Nf2 a5 21. Nd3 Rd5 22. Nbc1 a4 23. g3 Rad8 24. b3 axb3 25. axb3 Ne5 26. Rd1 Ra5 27. Rd2 Ra3 28. Nxe5 Rxd2+ 29. Kxd2 fxe5 30. Rb2 Kd6 31. Ra2 Rxa2+ 32. Nxa2 Bg1 33. h3 f5 34. Kd3 h5 35. g4 e4+ 36. Ke2 exf3+ 37. Kxf3 fxg4+ 38. hxg4 hxg4+ 39. Kxg4 Ke5 40. Kf3 Bc5 41. Nc1 Kd5 42. Nd3 Ba7 43. Nf4+ Ke5 44. Ne2 Bc5 45. Ng3 Ba3 46. Ne4 Be7 47. Ke3 1/2-1/2

[Event "POL-chT Academic"]
[Site "Chorzow"]
[Date "2022.04.02"]
[Round "5.21"]
[White "Poplawski, Maciej"]
[Black "Polczyk, Mikolaj"]
[Result "1/2-1/2"]
[WhiteElo "1729"]
[BlackElo "2016"]
[PlyCount "106"]
[EventDate "2022.04.02"]
[EventType "team-swiss (rapid)"]
[EventRounds "9"]
[EventCountry "POL"]
[SourceTitle "EXT 2024"]
[Source "ChessBase"]
[SourceDate "2023.10.10"]
[SourceVersion "1"]
[SourceVersionDate "2023.10.10"]
[SourceQuality "1"]

1. d4 Nf6 2. Nc3 d5 3. Bg5 c5 4. dxc5 e6 5. e4 d4 6. Bb5+ Nc6 7. Bxc6+ bxc6 8. Nce2 Qa5+ 9. Qd2 Qxd2+ 10. Bxd2 Nxe4 11. Nxd4 Nxd2 12. Kxd2 Bxc5 13. Ngf3 Bb7 14. c4 0-0-0 15. Kc3 e5 16. Nb3 Bxf2 17. Rhf1 Bd4+ 18. Nfxd4 exd4+ 19. Nxd4 Rhe8 20. Rae1 c5 21. Nf5 Rxe1 22. Rxe1 Bxg2 23. Nxg7 Kc7 24. Ne8+ Kc6 25. Nf6 Rd6 26. Nxh7 f5 27. Ng5 f4 28. Re2 f3 29. Rf2 Rf6 30. Kd3 Rf5 31. h4 Rf4 32. b3 Rxh4 33. Nxf3 Rh3 34. Rxg2 Rxf3+ 35. Ke4 Rh3 36. Rg6+ Kc7 37. Re6 Rh2 38. Kd5 Rxa2 39. Kxc5 Ra5+ 40. Kd4 Rh5 41. b4 Rg5 42. b5 Rh5 43. Re5 Rh1 44. Kc5 Rh7 45. Kb4 Rh4 46. Re7+ Kb6 47. Re6+ Kb7 48. Rc6 Rh1 49. Rg6 Rh4 50. Rd6 Rg4 51. Kc5 Rg5+ 52. Rd5 Rg7 53. Kb4 Rg4 1/2-1/2

[Event "EU-ch Blitz"]
[Site "Katowice"]
[Date "2021.12.17"]
[Round "11"]
[White "Poplawski, Maciej"]
[Black "Zylka, Stanislaw"]
[Result "0-1"]
[WhiteElo "1949"]
[BlackElo "2406"]
[PlyCount "116"]
[EventDate "2021.12.17"]
[EventType "swiss (blitz)"]
[EventRounds "22"]
[EventCountry "POL"]
[SourceTitle "CBM 205 Extra"]
[Source "ChessBase"]
[SourceDate "2022.01.31"]
[SourceVersion "1"]
[SourceVersionDate "2022.01.31"]
[SourceQuality "1"]

1. d4 Nf6 2. Nc3 d5 3. Bg5 Nbd7 4. Qd3 e6 5. e4 dxe4 6. Nxe4 Be7 7. Nxf6+ Bxf6 8. Bxf6 Qxf6 9. Nf3 0-0 10. Qe4 Qg6 11. Qxg6 hxg6 12. 0-0-0 b6 13. Bb5 Nf6 14. Bc6 Rb8 15. Ne5 b5 16. Rd3 Rb6 17. Rhd1 Rd8 18. Rb3 a6 19. Rc3 b4 20. Rc4 a5 21. Rc5 Ra6 22. Bb5 Rb6 23. Nc6 Rf8 24. Nxa5 Ne4 25. Re5 Nxf2 26. Rf1 Ng4 27. Rg5 Ne3 28. Re1 Nf5 29. Bd3 Nxd4 30. Nc4 Rb8 31. Rg4 Nf5 32. Ne5 Ra8 33. Kb1 Bb7 34. Rxb4 Bd5 35. Bxf5 gxf5 36. a3 Bxg2 37. Rg1 Be4 38. Rb3 Rfd8 39. h4 Rd2 40. Rc3 Rad8 41. Rxc7 Rh2 42. Rxf7 Bg2 43. Re7 Rd2 44. Nc4 Re2 45. a4 g5 46. Rd7 Bd5 47. Nd6 g4 48. Rc1 g3 49. a5 g2 50. Nxf5 exf5 51. Rxd5 Rh1 52. Rdd1 Rxd1 53. Rxd1 Rf2 54. Rd8+ Kf7 55. a6 g1Q+ 56. Ka2 Rxc2 57. Rd7+ Ke6 58. a7 Rc8 0-1

[Event "Bialystok Zamenhof Memorial-C 35th"]
[Site "Bialystok"]
[Date "2017.12.30"]
[Round "8.8"]
[White "Poplawski, Maciej"]
[Black "Zianowicz, Dominik"]
[Result "1/2-1/2"]
[WhiteElo "1871"]
[BlackElo "1902"]
[PlyCount "31"]
[EventDate "2017.12.27"]
[EventType "swiss"]
[EventRounds "9"]
[EventCountry "POL"]
[SourceTitle "EXT 2023"]
[Source "ChessBase"]
[SourceDate "2022.10.05"]
[SourceVersion "1"]
[SourceVersionDate "2022.10.05"]
[SourceQuality "1"]

1. d4 d5 2. Nc3 Bf5 3. Bg5 c6 4. f3 h6 5. Bh4 Qa5 6. Qd2 e6 7. e4 Bh7 8. Bd3 dxe4 9. fxe4 Be7 10. Bg3 Nf6 11. Nf3 Bb4 12. 0-0 Bxe4 13. Ne5 Bxd3 14. Qxd3 Bxc3 15. Nc4 Bxd4+ 16. Qxd4 1/2-1/2

[Event "Bialystok Zamenhof Memorial-C 35th"]
[Site "Bialystok"]
[Date "2017.12.27"]
[Round "1.15"]
[White "Poplawski, Maciej"]
[Black "Matejczyk, Jakub"]
[Result "1-0"]
[WhiteElo "1871"]
[BlackElo "1555"]
[PlyCount "85"]
[EventDate "2017.12.27"]
[EventType "swiss"]
[EventRounds "9"]
[EventCountry "POL"]
[SourceTitle "EXT 2023"]
[Source "ChessBase"]
[SourceDate "2022.10.05"]
[SourceVersion "1"]
[SourceVersionDate "2022.10.05"]
[SourceQuality "1"]

1. d4 Nf6 2. Nc3 g6 3. e4 d6 4. f3 Bg7 5. Be3 0-0 6. Nge2 e5 7. d5 Nbd7 8. g4 a5 9. Ng3 Nc5 10. h4 Bh8 11. Qd2 Bd7 12. Bh6 Qe7 13. g5 Ne8 14. Bxf8 Kxf8 15. Bd3 c6 16. 0-0-0 Nc7 17. Bc4 Ne8 18. Nf1 f5 19. gxf6 Bxf6 20. Kb1 Kg7 21. Ne3 Kh8 22. a3 Bxh4 23. Ng2 Bg5 24. f4 exf4 25. Nxf4 Kg7 26. dxc6 bxc6 27. Qh2 Nf6 28. Rdg1 Bxf4 29. Qxf4 Be6 30. e5 dxe5 31. Qxe5 Re8 32. Re1 Qf8 33. Bxe6 Rxe6 34. Qc7+ Qf7 35. Qxa5 Ncd7 36. Qc7 h5 37. a4 h4 38. Reg1 Qe7 39. a5 c5 40. Qb7 Nh5 41. a6 Rb6 42. Qc8 Ne5 43. Nd5 1-0

[Event "POL-chT U19 1st League"]
[Site "Ustron"]
[Date "2015.08.01"]
[Round "8.15"]
[White "Grzesik, Gracjan"]
[Black "Poplawski, Maciej"]
[Result "1/2-1/2"]
[WhiteElo "1617"]
[BlackElo "1866"]
[PlyCount "69"]
[EventDate "2015.07.25"]
[EventType "team-tourn"]
[EventRounds "9"]
[EventCountry "POL"]
[SourceTitle "EXT 2018"]
[Source "ChessBase"]
[SourceDate "2017.10.13"]
[SourceVersion "1"]
[SourceVersionDate "2017.10.13"]
[SourceQuality "1"]
[WhiteTeam "Koszalin Hetman Politechnika U19"]
[BlackTeam "Suwalki Hancza U19"]
[WhiteTeamCountry "POL"]
[BlackTeamCountry "POL"]

1. e4 c6 2. d4 d5 3. Nc3 dxe4 4. Nxe4 Nf6 5. Nxf6+ exf6 6. c3 Bd6 7. Bd3 0-0 8. Qc2 Re8+ 9. Ne2 h6 10. 0-0 Nd7 11. Be3 Nf8 12. Rad1 Qc7 13. h3 b6 14. c4 c5 15. dxc5 bxc5 16. Nc3 Bb7 17. Be4 Bxe4 18. Nxe4 Bh2+ 19. Kh1 f5 20. Nxc5 f4 21. Bd4 f3 22. gxf3 Ne6 23. Nxe6 Rxe6 24. Qf5 Rg6 25. h4 Re8 26. Rfe1 Rxe1+ 27. Rxe1 Qxc4 28. Qc5 Qd3 29. Qc3 Qf5 30. Kxh2 Qf4+ 31. Kh3 Qf5+ 32. Kh2 Qf4+ 33. Kh3 Qf5+ 34. Kh2 Qf4+ 35. Kh3 1/2-1/2

[Event "POL-chT U19 1st League"]
[Site "Ustron"]
[Date "2015.07.30"]
[Round "6.9"]
[White "Musial, Tomasz"]
[Black "Poplawski, Maciej"]
[Result "1-0"]
[WhiteElo "1595"]
[BlackElo "1866"]
[PlyCount "75"]
[EventDate "2015.07.25"]
[EventType "team-tourn"]
[EventRounds "9"]
[EventCountry "POL"]
[SourceTitle "EXT 2018"]
[Source "ChessBase"]
[SourceDate "2017.10.13"]
[SourceVersion "1"]
[SourceVersionDate "2017.10.13"]
[SourceQuality "1"]
[WhiteTeam "Chrzanow UKS SP 8 U19"]
[BlackTeam "Suwalki Hancza U19"]
[WhiteTeamCountry "POL"]
[BlackTeamCountry "POL"]

1. e4 c6 2. d4 g6 3. Nc3 d5 4. h3 Bg7 5. Nf3 dxe4 6. Nxe4 Nf6 7. Nxf6+ exf6 8. Bc4 0-0 9. 0-0 Re8 10. Be3 Be6 11. Bb3 Nd7 12. d5 cxd5 13. Bxd5 Qc7 14. c4 Ne5 15. Rc1 Rad8 16. Qb3 b6 17. Rfd1 Bxd5 18. cxd5 Nxf3+ 19. gxf3 Qd7 20. d6 Qxh3 21. Rc7 Rd7 22. Qa4 Red8 23. Qxa7 Rxd6 24. Rxd6 Rxd6 25. Qa4 Bf8 26. Qb3 Re6 27. Rb7 Bc5 28. Qd5 Kg7 29. Qd7 Be7 30. Rxb6 Kf8 31. Rb8+ Kg7 32. Qc8 g5 33. Qh8+ Kh6 34. Rg8 Bf8 35. Rxf8 Rd6 36. Rd8 Rxd8 37. Qxf6+ Kh5 38. Qxg5# 1-0

[Event "POL-ch U14"]
[Site "Suwalki"]
[Date "2015.04.13"]
[Round "8"]
[White "Polczyk, Mikolaj"]
[Black "Poplawski, Maciej"]
[Result "0-1"]
[WhiteElo "1571"]
[BlackElo "1737"]
[PlyCount "70"]
[EventDate "2015.04.08"]
[EventType "swiss"]
[EventRounds "9"]
[EventCountry "POL"]
[SourceTitle "EXT 2017"]
[Source "ChessBase"]
[SourceDate "2016.10.25"]
[SourceVersion "1"]
[SourceVersionDate "2016.10.25"]
[SourceQuality "1"]

1. e4 e6 2. d4 d5 3. Nd2 Nc6 4. Ngf3 Nf6 5. e5 Nd7 6. c3 f6 7. exf6 Qxf6 8. Nb3 Bd6 9. Be2 0-0 10. 0-0 e5 11. dxe5 Ndxe5 12. Nxe5 Nxe5 13. f4 Nf7 14. Qxd5 Be6 15. Qd4 Qg6 16. Bd3 Qh5 17. Qe4 Ng5 18. Be2 Nxe4 19. Bxh5 Bxb3 20. axb3 Bc5+ 21. Kh1 Rf6 22. Ra4 Nf2+ 23. Kg1 Nd3+ 24. Kh1 Rh6 25. g4 g6 26. f5 Nxc1 27. Rxc1 gxh5 28. g5 Rd6 29. Re1 Rd5 30. Rf4 Rf8 31. Ref1 Be3 32. R4f3 Bxg5 33. Rg1 Rfxf5 34. Rxf5 Rxf5 35. h4 h6 0-1

[Event "POL-ch U14"]
[Site "Suwalki"]
[Date "2015.04.10"]
[Round "4"]
[White "Garbowski, Jakub"]
[Black "Poplawski, Maciej"]
[Result "1-0"]
[WhiteElo "1964"]
[BlackElo "1737"]
[PlyCount "79"]
[EventDate "2015.04.08"]
[EventType "swiss"]
[EventRounds "9"]
[EventCountry "POL"]
[SourceTitle "EXT 2017"]
[Source "ChessBase"]
[SourceDate "2016.10.25"]
[SourceVersion "1"]
[SourceVersionDate "2016.10.25"]
[SourceQuality "1"]

1. e4 c6 2. d4 d5 3. Nd2 dxe4 4. Nxe4 Nf6 5. Nxf6+ exf6 6. c3 Bd6 7. Bd3 0-0 8. Ne2 Qc7 9. Qc2 h6 10. h3 Be6 11. 0-0 Re8 12. c4 Nd7 13. Nc3 Rac8 14. b3 Nf8 15. f4 Rcd8 16. a3 Qb6 17. Ne2 Be7 18. f5 Bc8 19. Bf4 c5 20. dxc5 Bxc5+ 21. Kh1 Be3 22. Nc3 Qd4 23. Be4 Bxf5 24. Bxf5 Bxf4 25. Ne2 Rxe2 26. Qxe2 Qc3 27. Qf3 Qxf3 28. Rxf3 Be5 29. Rc1 g6 30. Be4 b6 31. b4 Ne6 32. Bd5 Nd4 33. Rd3 Ne2 34. Re1 Nd4 35. Red1 Re8 36. Rxd4 Bxd4 37. Rxd4 Re3 38. c5 bxc5 39. bxc5 Rxa3 40. Rc4 1-0

[Event "POL-ch U14"]
[Site "Suwalki"]
[Date "2015.04.08"]
[Round "1"]
[White "Poplawski, Maciej"]
[Black "Gumularz, Szymon"]
[Result "1-0"]
[WhiteElo "1737"]
[BlackElo "2305"]
[PlyCount "45"]
[EventDate "2015.04.08"]
[EventType "swiss"]
[EventRounds "9"]
[EventCountry "POL"]
[SourceTitle "EXT 2017"]
[Source "ChessBase"]
[SourceDate "2016.10.25"]
[SourceVersion "1"]
[SourceVersionDate "2016.10.25"]
[SourceQuality "1"]

1. d4 Nf6 2. Nf3 e6 3. Bg5 d5 4. Nbd2 c5 5. e3 Nc6 6. c3 Be7 7. Bd3 a6 8. Qe2 b5 9. 0-0 Qb6 10. dxc5 Bxc5 11. e4 dxe4 12. Nxe4 Be7 13. Rad1 Nd5 14. c4 bxc4 15. Bxc4 0-0 16. Bxd5 exd5 17. Rxd5 Bxg5 18. Nfxg5 h6 19. Qd3 hxg5 20. Nxg5 g6 21. Rd6 Qb5 22. Rxg6+ Kh8 23. Rh6+ 1-0

[Event "POL Olympiad U14"]
[Site "Spala"]
[Date "2014.12.30"]
[Round "2.22"]
[White "Rak, Maciej"]
[Black "Poplawski, Maciej"]
[Result "0-1"]
[WhiteElo "1395"]
[BlackElo "1591"]
[PlyCount "82"]
[EventDate "2014.04.06"]
[EventType "swiss"]
[EventRounds "9"]
[EventCountry "POL"]
[SourceTitle "EXT 2023"]
[Source "ChessBase"]
[SourceDate "2022.10.05"]
[SourceVersion "1"]
[SourceVersionDate "2022.10.05"]
[SourceQuality "1"]

1. e4 c6 2. d4 d5 3. Nc3 dxe4 4. Nxe4 Nf6 5. Nxf6+ exf6 6. c3 Be6 7. Be2 Bd6 8. Nf3 0-0 9. 0-0 Qc7 10. h3 Nd7 11. Be3 Rfe8 12. Re1 Rad8 13. Qc2 Nf8 14. a3 Ng6 15. Bd3 Bf4 16. Bxf4 Qxf4 17. Qd2 Bxh3 18. Bxg6 Qg4 19. Bxh7+ Kxh7 20. Qd3+ g6 21. g3 Kg7 22. Rxe8 Rxe8 23. Re1 Rh8 24. Re4 Qf5 25. Nh4 Qh5 26. Qe2 Qg5 27. Qe3 Qh5 28. Qe2 Qh6 29. f4 g5 30. Qh2 Qh7 31. f5 Bxf5 32. Nxf5+ Qxf5 33. Qg2 a6 34. Re1 Qd3 35. Kf2 f5 36. Re3 Qb1 37. Re2 Kf6 38. b4 Qd3 39. Re3 Qd2+ 40. Kf3 g4+ 41. Kf4 Qxg2 0-1

[Event "POL-chT U19 45th"]
[Site "Maslow Pierwszy"]
[Date "2014.08.02"]
[Round "9"]
[White "Pijewski, Milosz"]
[Black "Poplawski, Maciej"]
[Result "0-1"]
[WhiteElo "1530"]
[BlackElo "1613"]
[PlyCount "64"]
[EventDate "2014.07.25"]
[EventType "team-tourn"]
[EventRounds "9"]
[EventCountry "POL"]
[SourceTitle "EXT 2015"]
[Source "ChessBase"]
[SourceDate "2014.11.20"]
[SourceVersion "1"]
[SourceVersionDate "2014.11.20"]
[SourceQuality "1"]
[WhiteTeam "Koszalin Hetman Politechnika U19"]
[BlackTeam "Suwalki Hancza U19"]
[WhiteTeamCountry "POL"]
[BlackTeamCountry "POL"]

1. e4 c6 2. d4 d5 3. Nc3 dxe4 4. Nxe4 Nf6 5. Nxf6+ exf6 6. c3 Bd6 7. Bd3 0-0 8. Qc2 Re8+ 9. Ne2 h6 10. 0-0 Nd7 11. Be3 Nf8 12. b4 Qc7 13. h3 Be6 14. a4 Rac8 15. Rfb1 Qd7 16. c4 f5 17. b5 g5 18. Bd2 f4 19. f3 cxb5 20. axb5 Bxc4 21. Bxc4 Rxe2 22. Qd3 Rxd2 23. Bxf7+ Qxf7 24. Qxd2 Ne6 25. Rc1 Rd8 26. Kh1 b6 27. Rc6 Bc5 28. d5 Nd4 29. Rxh6 Qg7 30. Rxa7 Qxa7 31. Qd3 Qa1+ 32. Kh2 Nxf3+ 0-1

[Event "POL-chT U19 45th"]
[Site "Maslow Pierwszy"]
[Date "2014.07.27"]
[Round "3"]
[White "Janik, Igor"]
[Black "Poplawski, Maciej"]
[Result "1-0"]
[WhiteElo "2071"]
[BlackElo "1613"]
[PlyCount "59"]
[EventDate "2014.07.25"]
[EventType "team-tourn"]
[EventRounds "9"]
[EventCountry "POL"]
[SourceTitle "EXT 2015"]
[Source "ChessBase"]
[SourceDate "2014.11.20"]
[SourceVersion "1"]
[SourceVersionDate "2014.11.20"]
[SourceQuality "1"]
[WhiteTeam "Gorzow Wielkopolski Stilon U19"]
[BlackTeam "Suwalki Hancza U19"]
[WhiteTeamCountry "POL"]
[BlackTeamCountry "POL"]

1. e4 c6 2. d4 g6 3. Nf3 d5 4. e5 h5 5. Bd3 Bg4 6. 0-0 e6 7. Nbd2 Nh6 8. h3 Bxf3 9. Nxf3 h4 10. c4 Be7 11. Qb3 b6 12. cxd5 cxd5 13. Bd2 Kf8 14. Rac1 Kg7 15. Rc2 f5 16. exf6+ Bxf6 17. Rfc1 Re8 18. Rc7+ Re7 19. Rc8 Qd7 20. Bf4 Nc6 21. R8xc6 Rd8 22. Ne5 Bxe5 23. Bxe5+ Kf7 24. Rc7 Qe8 25. Bb5 Qf8 26. Rxe7+ Qxe7 27. Rc7 Qxc7 28. Bxc7 Rc8 29. Qf3+ Nf5 30. Qf4 1-0

[Event "POL-chT U19 45th"]
[Site "Maslow Pierwszy"]
[Date "2014.07.26"]
[Round "2"]
[White "Poplawski, Maciej"]
[Black "Gumularz, Szymon"]
[Result "0-1"]
[WhiteElo "1613"]
[BlackElo "2062"]
[PlyCount "90"]
[EventDate "2014.07.25"]
[EventType "team-tourn"]
[EventRounds "9"]
[EventCountry "POL"]
[SourceTitle "EXT 2015"]
[Source "ChessBase"]
[SourceDate "2014.11.20"]
[SourceVersion "1"]
[SourceVersionDate "2014.11.20"]
[SourceQuality "1"]
[WhiteTeam "Suwalki Hancza U19"]
[BlackTeam "Wroclaw KS Polonia U19"]
[WhiteTeamCountry "POL"]
[BlackTeamCountry "POL"]

1. d4 d5 2. Nc3 Nf6 3. Bg5 h6 4. Bh4 c6 5. Qd3 Nbd7 6. 0-0-0 Qa5 7. f3 b5 8. Be1 b4 9. Nb1 e6 10. a3 Qb6 11. axb4 Bxb4 12. Bxb4 Qxb4 13. Qc3 Qb6 14. Nh3 Bb7 15. Nd2 c5 16. Nb3 Rc8 17. Qa5 cxd4 18. Qxb6 Nxb6 19. Nxd4 Ke7 20. e3 Nc4 21. Bxc4 Rxc4 22. Kd2 e5 23. Nb3 Bc8 24. Nf2 Bf5 25. Rc1 Rhc8 26. Nd3 Nd7 27. c3 Rb8 28. Na5 Bxd3 29. Kxd3 Rxb2 30. Rc2 Nc5+ 31. Kd2 Rxc2+ 32. Kxc2 Ra4 33. Nc6+ Kd6 34. Nb4 a5 35. Rb1 axb4 36. cxb4 Ra2+ 37. Kc3 Nd7 38. b5 Kc5 39. Kb3 Rxg2 40. Ka4 Nb6+ 41. Ka3 Nc4+ 42. Ka4 Rb2 43. Rxb2 Nxb2+ 44. Ka5 Nc4+ 45. Ka6 d4 0-1

[Event "POL-chT U19 44th"]
[Site "Karpacz"]
[Date "2013.07.22"]
[Round "2"]
[White "Poplawski, Maciej"]
[Black "Golda, Sebastian"]
[Result "1-0"]
[WhiteElo "1593"]
[BlackElo "1626"]
[PlyCount "58"]
[EventDate "2013.07.22"]
[EventType "team-tourn"]
[EventRounds "9"]
[EventCountry "POL"]
[SourceTitle "EXT 2014"]
[Source "ChessBase"]
[SourceDate "2013.11.20"]
[SourceVersion "1"]
[SourceVersionDate "2013.11.20"]
[SourceQuality "1"]
[WhiteTeam "Suwalki Hancza U19"]
[BlackTeam "Krakow KKSz 1893 U19"]
[WhiteTeamCountry "POL"]
[BlackTeamCountry "POL"]

1. d4 Nf6 2. Nc3 c5 3. d5 d6 4. e4 Nbd7 5. Be3 g6 6. Qd2 Bg7 7. f3 a6 8. g4 b5 9. Nge2 Ne5 10. Ng1 Rb8 11. Nd1 Qc7 12. h3 Ned7 13. Ne2 Nb6 14. Ng3 e6 15. Bh6 0-0 16. dxe6 Bxe6 17. Bxg7 Kxg7 18. Ne3 d5 19. Rg1 dxe4 20. fxe4 Rfd8 21. Nef5+ Bxf5 22. Nxf5+ gxf5 23. Qg5+ Kf8 24. Qxf6 Qf4 25. Bd3 Qe3+ 26. Kf1 Qf3+ 27. Ke1 Qe3+ 28. Kf1 Qxh3+ 29. Kf2 c4 1-0

[Event "Suwalki Pacstwowej Cup"]
[Site "Suwalki"]
[Date "2013.07.??"]
[Round "7.10"]
[White "Wierzbicki, Michal"]
[Black "Poplawski, Maciej"]
[Result "0-1"]
[WhiteElo "1413"]
[BlackElo "1593"]
[PlyCount "132"]
[EventDate "2013.07.14"]
[EventType "swiss"]
[EventRounds "9"]
[EventCountry "POL"]
[SourceTitle "EXT 2023"]
[Source "ChessBase"]
[SourceDate "2022.10.05"]
[SourceVersion "1"]
[SourceVersionDate "2022.10.05"]
[SourceQuality "1"]

1. d4 Nf6 2. Nf3 e6 3. e3 c5 4. c4 b6 5. Nc3 Bb7 6. Be2 Be7 7. 0-0 0-0 8. b3 Qc7 9. Bb2 Nc6 10. Nb5 Qd8 11. d5 a6 12. dxc6 Bxc6 13. Nc3 Qc7 14. Qd2 Rfd8 15. h3 d5 16. cxd5 exd5 17. Nb1 Ne4 18. Qc2 f5 19. Ne5 Be8 20. Bd3 Bd6 21. f4 g5 22. Bxe4 dxe4 23. Qc4+ Bf7 24. Nxf7 Qxf7 25. Qc3 Qg6 26. Qc4+ Kf8 27. Be5 Bxe5 28. fxe5 Ra7 29. Qxe4 Rf7 30. Qf3 h5 31. g4 hxg4 32. hxg4 f4 33. Nc3 Qh6 34. Qh1 Qg6 35. exf4 gxf4 36. Qh8+ Ke7 37. Qh4+ Ke6 38. Qxd8 Qxg4+ 39. Kf2 Qg3+ 40. Ke2 Qe3+ 41. Kd1 Rd7+ 42. Qxd7+ Kxd7 43. Kc2 Qxe5 44. Rad1+ Kc6 45. Rde1 Qf5+ 46. Kb2 b5 47. Rf3 Qf6 48. Kb1 Qf5+ 49. Re4 b4 50. Rfxf4 Qg6 51. Ne2 Qd6 52. Kc2 Kb5 53. Ng3 Qg6 54. Rg4 Qf6 55. Kb1 a5 56. Ref4 Qc3 57. Rc4 Qd3+ 58. Kc1 a4 59. bxa4+ Kxa4 60. Nh5 Qe3+ 61. Kb2 Qe5+ 62. Kb1 Qxh5 63. Rh4 Qd1+ 64. Kb2 Kb5 65. Rhf4 Qe2+ 66. Rc2 Qe5+ 0-1

[Event "POL Olympiad U14"]
[Site "Walbrzych"]
[Date "2013.??.??"]
[Round "6.7"]
[White "Poplawski, Maciej"]
[Black "Pultorak, Jan"]
[Result "0-1"]
[WhiteElo "1605"]
[BlackElo "1803"]
[PlyCount "86"]
[EventDate "2013.04.??"]
[EventType "team-swiss"]
[EventRounds "9"]
[EventCountry "POL"]
[SourceTitle "EXT 2014"]
[Source "ChessBase"]
[SourceDate "2013.11.20"]
[SourceVersion "1"]
[SourceVersionDate "2013.11.20"]
[SourceQuality "1"]

1. d4 Nf6 2. Nf3 e6 3. c4 b6 4. Bg5 Bb7 5. Nc3 h6 6. Bh4 Bb4 7. e3 0-0 8. Bd3 d6 9. 0-0 Bxc3 10. bxc3 Nbd7 11. Qe2 e5 12. e4 Re8 13. d5 g5 14. Bg3 Nh5 15. Nd2 Nf4 16. Bxf4 exf4 17. Nf3 Qf6 18. Nd4 Ne5 19. f3 Bc8 20. g4 Qg6 21. Rae1 Kg7 22. Bc2 Bd7 23. Bb3 Rh8 24. Nf5+ Bxf5 25. exf5 Qf6 26. Kg2 h5 27. h3 hxg4 28. hxg4 Rh4 29. Rh1 Rxg4+ 30. fxg4 f3+ 31. Qxf3 Nxf3 32. Kxf3 Qxc3+ 33. Re3 Qd4 34. Re4 Qf6 35. Rhe1 Qh6 36. Ke3 Qf6 37. Kf3 Rh8 38. Ke2 Qc3 39. Re3 Rh2+ 40. Kf3 Qd4 41. f6+ Qxf6+ 42. Ke4 Rd2 43. Rf1 Rd4# 0-1